00349pab a2200133 454500008004000000100001600040245006000056260000900116300001400125650001800139650001000157650001200167773003600179180718b2008 xxu||||| |||| 00| 0 eng d aVig, Prabha aGender dimension of poverty in the era of globalisation c2008 ap.107-20. aGlobalization aWomen aPoverty aResearch Journal Social Science